UBT Library

Applications In Medical Nutrtion Therapy (Record no. 52967)

000 -LEADER
fixed length control field 00312nam a22001337a 4500
008 - FIXED-LENGTH DATA ELEMENTS--GENERAL INFORMATION
fixed length control field 181206b xxu||||| |||| 00| 0 eng d
020 ## - INTERNATIONAL STANDARD BOOK NUMBER
International Standard Book Number 9780133750157
041 ## - LANGUAGE CODE
Language code of text/sound track or separate title eng
080 ## - UNIVERSAL DECIMAL CLASSIFICATION NUMBER
Universal Decimal Classification number 610
100 ## - Rafti
Rafti 4
101 ## - Shkurtesa
Shkurtesa SHM
245 ## - TITLE STATEMENT
Title Applications In Medical Nutrtion Therapy
Statement of responsibility, etc Zeman.F.J
942 ## - ADDED ENTRY ELEMENTS (KOHA)
Source of classification or shelving scheme
Item type Books
Holdings
Withdrawn status Lost status Source of classification or shelving scheme Damaged status Not for loan Collection code Permanent location Current location Shelving location Date acquired Total Checkouts Full call number Barcode Date last seen Price effective from Koha item type
          Koleksioni i përgjithshem UBT - Lipjan UBT - Lipjan Koleksioni i përgjithshem 12/06/2018   610 ZEM 002-3018880 12/06/2018 12/06/2018 Books
UBT Library © 2015-2024. All rights reserved University Education for Business and Technology